China, a Travel survival kit / (Record no. 1864)
[ view plain ]
| 000 -LEADER | |
|---|---|
| fixed length control field | 00678nam a2200253 a 4500 |
| 001 - CONTROL NUMBER | |
| JCCL Control Number | 1864 |
| 003 - CONTROL NUMBER IDENTIFIER | |
| JCCL marc code | BD-JhCC |
| 005 - DATE AND TIME OF LATEST TRANSACTION | |
| control field | 20171028091440.0 |
| 008 - FIXED-LENGTH DATA ELEMENTS--GENERAL INFORMATION | |
| fixed length control field | 171025s1984 cc b|||| ||a| 000 0 eng d |
| 020 ## - INTERNATIONAL STANDARD BOOK NUMBER | |
| International Standard Book Number | 086442003X |
| 035 ## - SYSTEM CONTROL NUMBER | |
| system control number | (BD-JhCC)1864 |
| 040 ## - CATALOGING SOURCE | |
| Original cataloging agency | BD-JhCC |
| Modifying agency | BD-JhCC |
| 041 ## - LANGUAGE CODE | |
| Language code of Book | eng |
| 082 ## - DEWEY DECIMAL CLASSIFICATION NUMBER | |
| Classification number | 915.104 |
| Author mark and Year | SAM 1984 |
| 100 ## - MAIN ENTRY--PERSONAL NAME | |
| Personal name | Samagalski, Alan |
| 245 ## - TITLE STATEMENT | |
| Title | China, a Travel survival kit / |
| Statement of responsibility, etc | Alan Samagalski; Robert Strauss and Michael Buckley |
| 260 ## - PUBLICATION, DISTRIBUTION, ETC. (IMPRINT) | |
| Place of publication, distribution, etc | China : |
| Name of publisher, distributor, etc | Lonely Planet, |
| Date of publication, distribution, etc | 1984. |
| 300 ## - PHYSICAL DESCRIPTION | |
| Pagination | 820p. : |
| Dimensions | 18 cm. |
| 650 ## - SUBJECT ADDED ENTRY--TOPICAL TERM | |
| Topical term or geographic name as entry element | China - Guidebooks |
| 700 ## - ADDED ENTRY--PERSONAL NAME | |
| Fuller form of name | Strauss, Robert |
| 700 ## - ADDED ENTRY--PERSONAL NAME | |
| Fuller form of name | Buckley, Michael |
| 942 ## - ADDED ENTRY ELEMENTS (KOHA) | |
| Source of classification or shelving scheme | Dewey Decimal Classification |
| Koha item type | Books |
| Source of classification or shelving scheme | Damaged status | Not for loan | Home library | Current library | Shelving location | Date of accession | Total Checkouts | Full call number | Barcode | Date last seen | Copy number | Koha item type |
|---|---|---|---|---|---|---|---|---|---|---|---|---|
| Dewey Decimal Classification | JCC Rouf Library | JCC Rouf Library | General Stacks | 10/25/2017 | 915.104 SAM 1984 | 2651 | 10/25/2017 | C-1 | Books |